| 000 | 00967nas a2200313 4500 | ||
|---|---|---|---|
| 001 | BR2015006519 | ||
| 003 | BR-BrBNA | ||
| 005 | 20231205125918.0 | ||
| 007 | ta | ||
| 008 | 230509b bl.|||p| |||| 00| 00por d | ||
| 040 |
_aBR-BrBNA _bpor _cBiblioteca Nacional de Agricultura |
||
| 041 | _a(En) | ||
| 072 | _aL53 | ||
| 100 | 1 | _aBressan, F.F. | |
| 100 | 1 | _aFantinato-Neto, P. | |
| 100 | 1 | _aAndrade, G.M. | |
| 100 | 1 | _aSangalli, J.R. | |
| 100 | 1 | _aSampaio, R.V. | |
| 100 | 1 | _aSilveira, J.C. da | |
| 100 | 1 | _aPerecin, F. | |
| 100 | 1 | _aMeirelles, F.V. | |
| 245 | 1 | _aChallenges and perspectives to enhance cattle production via in vitro techniques: focus on epigenetics and cell-secreted vesicles | |
| 650 | _aBOVINO | ||
| 650 | _aEMBRIÃO | ||
| 650 | _aREPRODUÇÃO ANIMAL | ||
| 773 | 0 |
_tCiência Rural (Brazil) _xISSN 0103-8478 _g(Oct 2015), v. 45(10) p. 1879-1886 _wBR2015006519 |
|
| 909 |
_a202311 _bLúcia _c55 _dLúcia Elande |
||
| 942 |
_2AGRIS _n0 _cANA |
||
| 999 |
_c246850 _d246850 |
||